Statistics for Baseball Abbreviations Quiz

Click here to take the quiz!

General Stats

  • This quiz has been taken 41,637 times
    (11,153 since last reset)
  • The average score is 20 of 27

Answer Stats

Acronym Phrase % Correct
RRun
98%
HRHome Run
98%
HHit
97%
SSShortstop
91%
BBBase on Balls
90%
EError
90%
RBIRun Batted In
89%
RFRight Field
88%
KStrikeout
88%
WWin
87%
ABAt Bat
86%
DHDesignated Hitter
85%
LLoss
83%
ERAEarned Run Average
80%
SBStolen Base
79%
NLNational League
78%
RHPRight-handed Pitcher
73%
HBPHit by Pitch
73%
OBPOn-base Percentage
73%
LOBLeft on Base
60%
RISPRunners in Scoring Position
54%
CGComplete Game
49%
CSCaught Stealing
47%
POPutout
41%
TBTotal Bases
37%
OPSOn-base Plus Slugging
37%
GDPGrounded into Double Play
32%

Score Distribution

Percentile by Number Answered

Percent of People with Each Score

Your Score History

You have not taken this quiz since the last reset